Naturaleza moderna: los diarios de Derek Jarman

Đã lưu trong:
Chi tiết về thư mục
Tác giả chính: Jarman, Derek (Tác giả)
Định dạng: Sách
Ngôn ngữ:Tiếng Tây Ban Nha
Được phát hành: Buenos Aires Caja Negra 2019
Phiên bản:1a. ed
Loạt:Synesthesia, 02
Những chủ đề:
Các nhãn: Thêm thẻ
Không có thẻ, Là người đầu tiên thẻ bản ghi này!

MARC

LEADER 00000cam a2200000 a 4500
001 UCB0263
003 CL-VaPUC
005 20240821123533.0
008 191220e20190000ag spa d
999 |c 375911  |d 375909 
020 |a 9789871622795 
040 |c Pontificia Universidad Católica de Valparaíso 
082 0 4 |a 808.8035 JAR 2019  |2 21 
100 |a Jarman, Derek  |e author  |9 597529 
245 1 0 |a Naturaleza moderna: los diarios de Derek Jarman 
250 |a 1a. ed 
260 |a Buenos Aires  |b Caja Negra  |c 2019 
300 |a 580 p 
490 0 |a Synesthesia, 02 
583 |a last modification  |c 20191220 13:26:00  |k cmena 
650 0 0 |a Autobiografías   |9 265171 
650 0 7 |a MEMORIAS  |2 CL-VaPUC  |9 269159 
650 0 7 |a DIARIOS INTIMOS  |2 CL-VaPUC  |9 265378 
650 0 0 |a Directores de cine  |9 368705 
942 |c BK  |2 ddc 
945 |a dcastane  |d 20191220 13:26:00 
952 |0 0  |1 0  |2 ddc  |4 0  |6 808_803500000000000_JAR_2019  |7 0  |9 495017  |a BIBART  |b BIBART  |d 2019-12-13  |e 4  |g 20002.00  |i 5568161  |o 808.8035 JAR 2019  |p 5568161  |r 2025-03-13  |t 1  |v 20002.00  |w 2019-12-13  |y BK